<?xml version="1.0" encoding="UTF-8"?><?xml-stylesheet type="text/xsl" href="static/style.xsl"?><OAI-PMH xmlns="http://www.openarchives.org/OAI/2.0/" xmlns:xsi="http://www.w3.org/2001/XMLSchema-instance" xsi:schemaLocation="http://www.openarchives.org/OAI/2.0/ http://www.openarchives.org/OAI/2.0/OAI-PMH.xsd"><responseDate>2026-04-30T05:15:56Z</responseDate><request verb="GetRecord" identifier="oai:uvadoc.uva.es:10324/6946" metadataPrefix="marc">https://uvadoc.uva.es/oai/request</request><GetRecord><record><header><identifier>oai:uvadoc.uva.es:10324/6946</identifier><datestamp>2021-06-29T10:13:35Z</datestamp><setSpec>com_10324_38</setSpec><setSpec>col_10324_852</setSpec></header><metadata><record xmlns="http://www.loc.gov/MARC21/slim" xmlns:doc="http://www.lyncode.com/xoai" xmlns:xsi="http://www.w3.org/2001/XMLSchema-instance" xmlns:dcterms="http://purl.org/dc/terms/" xsi:schemaLocation="http://www.loc.gov/MARC21/slim http://www.loc.gov/standards/marcxml/schema/MARC21slim.xsd">
<leader>00925njm 22002777a 4500</leader>
<datafield tag="042" ind1=" " ind2=" ">
<subfield code="a">dc</subfield>
</datafield>
<datafield tag="720" ind1=" " ind2=" ">
<subfield code="a">González Escudero, Judith</subfield>
<subfield code="e">author</subfield>
</datafield>
<datafield tag="260" ind1=" " ind2=" ">
<subfield code="c">2014</subfield>
</datafield>
<datafield tag="520" ind1=" " ind2=" ">
<subfield code="a">Este documento muestra una manera diferente de desarrollar las habilidades orales en la escuela a través de las rutinas, show and tell y canciones. Los alumnos adquieren  nuevas estrategias y técnicas para conseguir un aprendizaje significativo y de forma cooperativa desde el primer ciclo de Educación Primaria. Es un proyecto innovador donde los alumnos adquieren un aprendizaje temprano de una segunda lengua favoreciendo las destrezas orales. Este trabajo puede orientar y ayudar al trabajo de los docentes para que la comunicación oral de los alumnos sea cada vez más efectiva en las aulas.</subfield>
</datafield>
<datafield tag="024" ind2=" " ind1="8">
<subfield code="a">http://uvadoc.uva.es/handle/10324/6946</subfield>
</datafield>
<datafield ind1=" " ind2=" " tag="653">
<subfield code="a">Inglés (Lengua)-Estudio y enseñanza</subfield>
</datafield>
<datafield tag="245" ind1="0" ind2="0">
<subfield code="a">Habilidades orales en el aula de lengua extranjera: inglés. Rutinas, show and tell y canciones.</subfield>
</datafield>
</record></metadata></record></GetRecord></OAI-PMH>